Funciones químicas inorgánicas. /
Guardado en:
| Autor Corporativo: | |
|---|---|
| Formato: | |
| Series: | Parte 4
|
| Materias: | |
| Etiquetas: |
Agregar Etiqueta
Sin Etiquetas, Sea el primero en etiquetar este registro!
|
| LEADER | 00740ngm a22002295g 4500 | ||
|---|---|---|---|
| 001 | CEM.cems021537 | ||
| 008 | 130507b1991##################0###0#####d | ||
| 005 | 20240827162435.0 | ||
| 245 | 1 | 0 | |a Funciones químicas inorgánicas. / |c Ministerio De Educación. |
| 300 | |a 21 | ||
| 490 | 1 | |a Parte 4 | |
| 500 | |a En soporte VHS, consultar en ventanilla. | ||
| 505 | 0 | |a Unión covalente. | |
| 538 | |a Soporte: VHS - Norma: Pal N - Color - Grabación Drd 1991 - Hitachi=2670. | ||
| 110 | 2 | |a Ministerio de Educación. | |
| 082 | 5 | 4 | |/ ARG |
| 653 | |a NIVEL SECUNDARIO | ||
| 653 | |a QUIMICA | ||
| 653 | |a QUIMICA INORGANICA | ||
| 653 | |a UNION COVALENTE | ||
| 653 | |a COVALENTE | ||
| 859 | |a CEMS |b BIB. CEMS - Depto. Recursos Didacticos |h 546 |i ARG |k DRD |p 180.12 |t Ej.1 | ||
